[Event "GER MS-275 email"]
[Site "GER email"]
[Date "2018.01.06"]
[Round "?"]
[White "Herzog, Klaus"]
[Black "Mondry, Matthias"]
[Result "0-1"]
[WhiteElo "1953"]
[BlackElo "2049"]
[PlyCount "50"]
[EventDate "2018.01.15"]
[EventType "tourn (corr)"]
[EventRounds "6"]
[EventCountry "GER"]
[SourceTitle "Corr 2020"]
[Source "ChessBase"]
[SourceDate "2019.09.30"]
[SourceVersion "1"]
[SourceVersionDate "2019.09.30"]
[SourceQuality "1"]

1. e4 c5 2. Nf3 d6 3. d4 Nf6 4. Nc3 cxd4 5. Nxd4 Nc6 6. Bg5 e6 7. f4 h6 8. Bh4 Be7 9. Bf2 0-0 10. Qf3 e5 11. Nxc6 bxc6 12. fxe5 Ng4 13. exd6 Qxd6 14. Bg3 Ne5 15. Qf2 Rb8 16. Qd2 Qc7 17. Qd4 f6 18. 0-0-0 Kh7 19. Bf2 Rb4 20. Qxa7 Rb7 21. Qa4 Bg4 22. Be2 Rfb8 23. b3 Bxe2 24. Nxe2 c5 25. Bg3 c4 0-1